000 00460nam a2200193Ia 4500
003 OSt
005 20220509112245.0
008 210210b1940 xxu||||| |||| 00| 0 eng d
040 _aAL
_c
041 _aeng
082 _a320/491
100 _aROBSON (W A)
_934937
245 _aBritish system of government
260 _bNot Mentioned
_c1940
650 _aPolitical Science
_934941
690 _aGovernments
_934942
906 _a003133
942 _2ddc
_cBK
999 _c118470
_d118470